000
00326nam a2200133Ia 4500
008
240624s9999 xx 000 0 und d
041
_a
eng
082
_a
657 RAW
100
_a
RAWAT D S
245
_a
FUNDAMENTALS OF ACCOUNTING MERCANTILE LA
250
_a
(2nd ed.)
260
_c
2007
_a
New Delhi
_b
Taxman's
365
_c
RS
_b
25
999
_c
14210
_d
14210